Komunikácia ako dôležitý faktor podnikovej kultúry

Skúmanie vzájomného vzťahu medzi podnikovou kultúrou a jedného z jej dôležitých faktorov - komunikáciou. Na hodnotenie komunikácie bol použitý dotazník. Výsledky a interpretácia. Tento faktor zohráva v súčasnom období podstatnú rolu v trhovej ekonomike.

Salvato in:
Dettagli Bibliografici
Autore principale: Bašistová, Alena
Altri autori: Ľapinová, Alena
Natura: Capitolo di libro
Lingua:slovacco
Soggetti:
Tags: Aggiungi Tag
Nessun Tag, puoi essere il primo ad aggiungerne!!

MARC

LEADER 00000nla$a2200000$$$4500
001 0105325
005 20240502072148.7
041 0 |a slo 
044 |a SK 
245 1 0 |a Komunikácia ako dôležitý faktor podnikovej kultúry  |c Alena Bašistová, Alena Ľapinová 
520 |a Skúmanie vzájomného vzťahu medzi podnikovou kultúrou a jedného z jej dôležitých faktorov - komunikáciou. Na hodnotenie komunikácie bol použitý dotazník. Výsledky a interpretácia. Tento faktor zohráva v súčasnom období podstatnú rolu v trhovej ekonomike. 
610 2 0 |a podnik 
610 2 0 |a komunikácia 
610 2 0 |a komunikácia firemná 
610 2 0 |a kultúra podniková 
100 1 |a Bašistová, Alena 
700 1 |a Ľapinová, Alena